Library Logo

Higher Education In The United Kingdom: (Record no. 99604)

000 -LEADER
fixed length control field 00544nam a22001697a 4500
003 - CONTROL NUMBER IDENTIFIER
control field BD-DhUL
005 - DATE AND TIME OF LATEST TRANSACTION
control field 20160818173157.0
008 - FIXED-LENGTH DATA ELEMENTS--GENERAL INFORMATION
fixed length control field 160818b xxu||||| |||| 00| 0 eng d
040 ## - CATALOGING SOURCE
Transcribing agency BD-DhUL
Modifying agency BD-DhUL
-- BD-DhUL
050 ## - LIBRARY OF CONGRESS CALL NUMBER
Classification number 378.42
Item number HIG
082 ## - DEWEY DECIMAL CLASSIFICATION NUMBER
Classification number 378.42
Item number HIG
245 ## - TITLE STATEMENT
Title Higher Education In The United Kingdom:
Remainder of title A Handbook for students from overseas and their advisers /
260 ## - PUBLICATION, DISTRIBUTION, ETC. (IMPRINT)
Place of publication, distribution, etc. British Council:
Name of publisher, distributor, etc. Dhaka,
Date of publication, distribution, etc. c1974.
300 ## - PHYSICAL DESCRIPTION
Extent 312p.:
Other physical details ill.:
Dimensions 22cm.
502 ## - DISSERTATION NOTE
Dissertation note includes bibliographical references and index.
942 ## - ADDED ENTRY ELEMENTS (KOHA)
Source of classification or shelving scheme
Koha item type Books
Holdings
Price effective from Date last seen Permanent Location Not for loan Date acquired Source of classification or shelving scheme Koha item type Collection code Barcode Shelving location Lost status Damaged status Withdrawn status Current Location Full call number
2016-08-182016-08-18Dhaka University Library 2016-08-18 BooksNon FictionA127769General Stacks   Dhaka University Library378.42 HIG
Last Updated on September 15, 2019
© Dhaka University Library. All Rights Reserved|Staff Login